000 00748nam a2200133Ia 4500
008 171212s9999 xx 000 0 und d
020 _a9780833047311
100 _aJackson, Brian A.;Frelinger, David R.;Bushman, Charles J.;Willis, Henry H.
245 _cJackson, Brian A.;Frelinger, David R.;Bushman, Charles J.;Willis, Henry H.
_aEmerging Threats and Security Planning
_bHow Should We Decide What Hypothetical Threats to Worry About?
260 _bRAND Corporation
_c2009
650 _aPolitical Science
650 _aUA23.J25 2009; National security -- United States -- Planning; Terrorism -- United States -- Prevention; United States -- Defenses -- Planning; Strategic planning -- United States
856 _uwww.jstor.org/stable/10.7249/op256rc
999 _c351996
_d351996